[Event "Prva liga CS 2013"]
[Site "www.sah-centralnasrbija.com"]
[Date "2013.09.22"]
[Round "?"]
[White "Paunovic Tomislav"]
[Black "Milanovic Slavisa"]
[Result "1/2-1/2"]
[WhiteElo "2327"]
[BlackElo "2419"]
[PlyCount "21"]
[EventDate "2013.??.??"]

1. d4 e6 2. c4 Nf6 3. Nc3 Bb4 4. Bg5 c5 5. d5 exd5 6. cxd5 d6 7. e3 Nbd7 8. Bd3
Qa5 9. Nge2 Nxd5 10. O-O Bxc3 11. bxc3 1/2-1/2

[Event "Prva liga CS 2013"]
[Site "www.sah-centralnasrbija.com"]
[Date "2013.09.22"]
[Round "?"]
[White "Blesic Vaso"]
[Black "Manic Jovica"]
[Result "1/2-1/2"]
[WhiteElo "2375"]
[BlackElo "2256"]
[PlyCount "115"]
[EventDate "2013.??.??"]

1. e4 c6 2. d4 g6 3. Nc3 Bg7 4. Nf3 d6 5. a4 Nf6 6. h3 Qc7 7. Be3 Nbd7 8. Be2
b6 9. O-O Bb7 10. Re1 O-O 11. Bf4 e5 12. Bh2 a6 13. Qd2 Rfe8 14. dxe5 dxe5 15.
Qe3 Nh5 16. Bc4 Nf4 17. Ne2 Ne6 18. Ng5 Nxg5 19. Qxg5 b5 20. axb5 axb5 21. Bd3
Nc5 22. Qe3 Ne6 23. c3 Rad8 24. Bc2 c5 25. Red1 Rxd1+ 26. Rxd1 Rd8 27. Kf1
Rxd1+ 28. Bxd1 Qc6 29. f3 Bf6 30. Bc2 h5 31. h4 Ba6 32. Bg3 b4 33. Ke1 Qb5 34.
Bd1 Kg7 35. Kd2 bxc3+ 36. bxc3 Qb2+ 37. Ke1 Nf4 38. Bxf4 exf4 39. Qxf4 Bxe2 40.
Bxe2 Qxc3+ 41. Qd2 Bxh4+ 42. Kd1 Qb3+ 43. Qc2 Qe3 44. Qd3 Qg1+ 45. Bf1 Bf6 46.
Kc2 Qf2+ 47. Kb3 Qb2+ 48. Kc4 Bd4 49. Qe2 Qb6 50. Qd1 Kf6 51. Qa4 Qb1 52. Bd3
Qc1+ 53. Qc2 Qa3 54. Kb5 Qb4+ 55. Kc6 Qb8 56. Qc4 Ke7 57. Qa6 Qd6+ 58. Kb5
1/2-1/2

[Event "Prva liga CS 2013"]
[Site "www.sah-centralnasrbija.com"]
[Date "2013.09.22"]
[Round "?"]
[White "Todorovic Bojan"]
[Black "Sandic Vladeta"]
[Result "1/2-1/2"]
[WhiteElo "2338"]
[BlackElo "2326"]
[PlyCount "45"]
[EventDate "2013.??.??"]

1. d4 Nf6 2. c4 c5 3. e3 cxd4 4. exd4 d5 5. Nc3 e6 6. Nf3 Be7 7. Bd3 dxc4 8.
Bxc4 a6 9. O-O O-O 10. Bg5 b5 11. Bb3 Bb7 12. Re1 Nbd7 13. Ne5 Nxe5 14. dxe5
Nd7 15. Bxe7 Qxe7 16. Qh5 h6 17. Ne4 Bxe4 18. Rxe4 Nc5 19. Rg4 Nxb3 20. axb3
Kh8 21. Rd4 Rfd8 22. Rxd8+ Rxd8 23. Qf3 1/2-1/2

[Event "Prva liga CS 2013"]
[Site "www.sah-centralnasrbija.com"]
[Date "2013.09.22"]
[Round "?"]
[White "Nikolic Boban"]
[Black "Vilimonovic Bozidar"]
[Result "1/2-1/2"]
[WhiteElo "2255"]
[BlackElo "2199"]
[PlyCount "105"]
[EventDate "2013.??.??"]

1. Nf3 e6 2. c4 Nf6 3. g3 b6 4. Bg2 Bb7 5. O-O c5 6. Nc3 Be7 7. Re1 O-O 8. e4
d6 9. d4 Nbd7 10. d5 e5 11. Nh4 g6 12. Bh6 Re8 13. Bh3 Nh5 14. Nf5 Ndf6 15.
Nxe7+ Qxe7 16. Qf3 Bc8 17. Bxc8 Rexc8 18. g4 Ng7 19. Bg5 Nge8 20. h3 Kg7 21.
Qe3 Qb7 22. f4 Nd7 23. f5 f6 24. Bh6+ Kg8 25. fxg6 hxg6 26. g5 f5 27. exf5 gxf5
28. Qf3 f4 29. Qh5 Rab8 30. Qg6+ Kh8 31. Ne4 Qc7 32. a4 a6 33. h4 b5 34. axb5
axb5 35. Ra6 Nb6 36. Nf6 Nxf6 37. gxf6 Rg8 38. Bg7+ Rxg7 39. fxg7+ Qxg7 40.
Qxg7+ Kxg7 41. cxb5 Kf6 42. Kf2 Kf5 43. Kf3 Nxd5 44. Rxd6 Nf6 45. b6 e4+ 46.
Rxe4 Nxe4 47. Rd5+ Ke6 48. Kxe4 Rxb6 49. Rxc5 Rxb2 50. Rc6+ Kf7 51. Kxf4 Rg2
52. Kf5 Kg7 53. Ke4 1/2-1/2

[Event "Prva liga centralne Srbije 2013"]
[Site "Kragujevac"]
[Date "2013.09.22"]
[Round "11.1"]
[White "Parligras, Mircea-Emilian"]
[Black "Mista, Aleksander"]
[Result "1/2-1/2"]
[WhiteElo "2560"]
[BlackElo "2582"]
[PlyCount "20"]
[EventDate "2013.09.14"]

1. d4 d5 2. c4 dxc4 3. Nf3 a6 4. e3 b5 5. a4 Bb7 6. axb5 axb5 7. Rxa8 Bxa8 8.
b3 e6 9. bxc4 bxc4 10. Bxc4 Nf6 1/2-1/2

[Event "Prva liga centralne Srbije 2013"]
[Site "Kragujevac"]
[Date "2013.09.22"]
[Round "11.2"]
[White "Djukic, Zeljko"]
[Black "Nestorovic, Nikola"]
[Result "1/2-1/2"]
[WhiteElo "2386"]
[BlackElo "2439"]
[PlyCount "85"]
[EventDate "2013.09.14"]

1. d4 Nf6 2. c4 e6 3. Nf3 b6 4. g3 Bb7 5. Bg2 g6 6. Nc3 Ne4 7. Nxe4 Bxe4 8. O-O
Bg7 9. Ne1 Bxg2 10. Kxg2 O-O 11. Nf3 d6 12. e4 Nd7 13. Bg5 Qe8 14. Qd2 Nf6 15.
Rfe1 Qc6 16. Qd3 h6 17. Bxf6 Bxf6 18. b4 Bg7 19. a4 a6 20. a5 bxa5 21. Rxa5
Rfb8 22. d5 exd5 23. exd5 Qd7 24. b5 axb5 25. Rxa8 Rxa8 26. cxb5 Ra5 27. Rb1
Qd8 28. Rb3 Qb8 29. Qe2 Bf6 30. h4 h5 31. Qc4 Qb6 32. Ng5 Qd4 33. Qxc7 Qxd5+
34. Nf3 Ra2 35. Rb4 Qd1 36. Re4 Ra3 37. Re8+ Kg7 38. Qc6 d5 39. Ne1 Ra2 40. Qd6
Bd4 41. Qf8+ Kf6 42. Qe7+ Kg7 43. Qf8+ 1/2-1/2

[Event "Prva liga centralne Srbije 2013"]
[Site "Kragujevac"]
[Date "2013.09.22"]
[Round "11.2"]
[White "Marinkovic, Ivan"]
[Black "Ilic, Zoran S"]
[Result "1/2-1/2"]
[WhiteElo "2448"]
[BlackElo "2285"]
[PlyCount "20"]
[EventDate "2013.09.14"]

1. e4 c5 2. Nf3 e6 3. g3 d5 4. exd5 exd5 5. d4 Nf6 6. Bg2 Be7 7. O-O O-O 8. h3
Nc6 9. Nc3 Re8 10. a3 Ne4 1/2-1/2

[Event "Prva liga centralne Srbije 2013"]
[Site "Kragujevac"]
[Date "2013.09.22"]
[Round "11.2"]
[White "Mitrovic, Darko R"]
[Black "Nestorovic, Lazar"]
[Result "0-1"]
[WhiteElo "2278"]
[BlackElo "2391"]
[PlyCount "128"]
[EventDate "2013.09.14"]

1. d4 Nf6 2. Nf3 d5 3. c4 c6 4. Nc3 a6 5. e3 b5 6. cxd5 cxd5 7. Be2 e6 8. O-O
Bd6 9. a3 Nbd7 10. Na2 Ne4 11. Bd2 Nxd2 12. Qxd2 O-O 13. Nb4 Bb7 14. Nd3 Qe7
15. Rfc1 Rfc8 16. Rxc8+ Rxc8 17. Rc1 Qd8 18. Rxc8 Qxc8 19. Nfe1 Kf8 20. Nc2 Ke7
21. g3 Nf6 22. Na1 h5 23. Nb3 h4 24. Nbc5 hxg3 25. hxg3 Ne4 26. Nxe4 dxe4 27.
Nb4 Qc7 28. Kg2 Qb6 29. Na2 Bc6 30. b4 e5 31. dxe5 Bxe5 32. Nc1 Qd8 33. Qc2 Qd6
34. Nb3 f5 35. Nc5 g5 36. f4 exf3+ 37. Bxf3 g4 38. Bxc6 Qxc6+ 39. e4 Qh6 40.
Qb3 Qh3+ 41. Kf2 Bd4+ 42. Ke1 Qh1+ 43. Kd2 Qg2+ 44. Kd1 Qf1+ 45. Kd2 Qf2+ 46.
Kd1 Bxc5 47. bxc5 Qd4+ 48. Kc1 Qxc5+ 49. Kb2 fxe4 50. Qg8 Qd4+ 51. Kb1 e3 52.
Qg5+ Kd7 53. Qf5+ Kc7 54. Qf7+ Kb6 55. Qe6+ Ka5 56. Qc6 Qd3+ 57. Kb2 e2 58.
Qc7+ Ka4 59. Qf4+ Qc4 60. Qe3 e1=Q 61. Qxe1 Qb3+ 62. Kc1 Qxa3+ 63. Kc2 Qa2+ 64.
Kc3 Qc4+ 0-1

[Event "Prva liga centralne Srbije 2013"]
[Site "Kragujevac"]
[Date "2013.09.22"]
[Round "11.2"]
[White "Stankovic, Milos"]
[Black "Djukic, Stevan"]
[Result "1/2-1/2"]
[WhiteElo "2407"]
[BlackElo "2252"]
[PlyCount "30"]
[EventDate "2013.09.14"]

1. e4 e6 2. d4 d5 3. Nc3 Bb4 4. e5 Qd7 5. a3 Bxc3+ 6. bxc3 b6 7. Qg4 f5 8. Qg3
Ba6 9. Bxa6 Nxa6 10. Nh3 h6 11. Nf4 g5 12. Ne2 Ne7 13. h4 O-O-O 14. a4 Nc6 15.
Qd3 Nab8 1/2-1/2

[Event "Prva liga centralne Srbije 2013"]
[Site "Kragujevac"]
[Date "2013.09.22"]
[Round "11.2"]
[White "Stankovic, Dejan"]
[Black "Tasic, Vladimir"]
[Result "0-1"]
[WhiteElo "2262"]
[BlackElo "2242"]
[PlyCount "110"]
[EventDate "2013.09.14"]

1. e4 e5 2. Nf3 Nc6 3. Bb5 Nge7 4. O-O g6 5. d4 exd4 6. Nxd4 Bg7 7. c3 a6 8.
Ba4 O-O 9. Bg5 Nxd4 10. cxd4 h6 11. Bh4 g5 12. Bg3 d5 13. e5 Bf5 14. Bc2 f6 15.
Re1 fxe5 16. Bxe5 Nc6 17. Bb3 Nxe5 18. dxe5 c6 19. Nc3 Kh8 20. Na4 Qe7 21. e6
Bxe6 22. Nc5 Qxc5 23. Rxe6 Rxf2 24. Kh1 Raf8 25. Qd3 Qb5 26. Qxb5 axb5 27. h3
Bxb2 28. Rae1 Kg7 29. Kh2 R8f7 30. Bd1 Bc3 31. R1e3 Ba5 32. Rf3 Rf1 33. Rxf1
Rxf1 34. Bh5 Bc7+ 35. g3 Rf2+ 36. Kg1 Bxg3 37. Re7+ Kg8 38. Re3 Bh4 39. Re8+
Rf8 40. Re7 Ra8 41. Rxb7 Rxa2 42. Rc7 Rc2 43. Bf7+ Kf8 44. Bxd5 c5 45. Rf7+ Ke8
46. Rh7 b4 47. Rxh6 c4 48. Re6+ Kd7 49. Re4 b3 50. Bxc4 b2 51. Ba2 Rc1+ 52. Kg2
Ra1 53. Be6+ Kd6 54. Bf5 b1=Q 55. Re6+ Kd5 0-1

[Event "Prva liga centralne Srbije 2013"]
[Site "Kragujevac"]
[Date "2013.09.22"]
[Round "11.3"]
[White "Kahrovic, Mersid"]
[Black "Dimitrijevic, Srdjan"]
[Result "1-0"]
[WhiteElo "2298"]
[BlackElo "2307"]
[PlyCount "135"]
[EventDate "2013.09.14"]

1. c4 e5 2. Nc3 c5 3. g3 Nc6 4. Bg2 g6 5. d3 Bg7 6. Nf3 Nge7 7. h4 h6 8. O-O d6
9. Bd2 O-O 10. a3 a5 11. Rb1 Be6 12. e4 f5 13. Nd5 Bd7 14. Qb3 Nxd5 15. cxd5 a4
16. Qc2 Na5 17. exf5 gxf5 18. Bc3 Nb3 19. Nd2 Nd4 20. Bxd4 cxd4 21. Nc4 Qc7 22.
Rfc1 b5 23. Nd2 Qxc2 24. Rxc2 Ra7 25. Rbc1 Bf6 26. Rc7 Rfa8 27. Bh3 Bd8 28.
Rxd7 Rxd7 29. Bxf5 Rc7 30. Rc6 Rxc6 31. dxc6 Kf7 32. Be4 Ke6 33. c7 d5 34.
cxd8=Q Rxd8 35. Bf3 Kd6 36. Kf1 b4 37. axb4 Rb8 38. Bd1 Rxb4 39. Ke2 Kc6 40.
Bc2 Kb5 41. b3 a3 42. Bb1 Kc5 43. Kd1 Rb8 44. g4 Kb4 45. f3 Kc3 46. Kc1 Ra8 47.
Ba2 Kxd3 48. b4 e4 49. fxe4 dxe4 50. g5 e3 51. Nf3 Ke4 52. Ne1 d3 53. g6 Ra7
54. Kd1 h5 55. b5 Rg7 56. Bb1 Kd4 57. Bxd3 a2 58. Ke2 Rc7 59. b6 Rc1 60. Nf3+
Kc5 61. g7 a1=Q 62. g8=Q Qb2+ 63. Kxe3 Qxb6 64. Qg7 Kd5+ 65. Kf4 Qd6+ 66. Ke3
Qb6+ 67. Kd2 Qc5 68. Qd7+ 1-0

[Event "Prva liga centralne Srbije 2013"]
[Site "Kragujevac"]
[Date "2013.09.22"]
[Round "11.3"]
[White "Jovic, Stanoje"]
[Black "Dumic, Marko"]
[Result "0-1"]
[WhiteElo "2328"]
[BlackElo "2266"]
[PlyCount "78"]
[EventDate "2013.09.14"]

1. c4 g6 2. g3 Bg7 3. Bg2 d6 4. Nf3 e5 5. Nc3 Ne7 6. d3 O-O 7. O-O Nbc6 8. Rb1
Bg4 9. h3 Bf5 10. e4 Bd7 11. b4 Qc8 12. Kh2 Nd8 13. Nd5 Nxd5 14. cxd5 c6 15.
Bb2 a5 16. a3 axb4 17. axb4 cxd5 18. Rc1 Qb8 19. exd5 Bb5 20. Re1 Bh6 21. Ra1
Rxa1 22. Bxa1 f6 23. h4 Rf7 24. d4 Rc7 25. Bb2 Nf7 26. Bh3 Bd7 27. Be6 Qc8 28.
dxe5 fxe5 29. Bxd7 Qxd7 30. Qb3 Qf5 31. Re2 b5 32. Kg2 Rc4 33. Qa3 Qd7 34. Qa8+
Qc8 35. Qa5 Qb7 36. Ba3 Qxd5 37. Qa7 Rc3 38. Re3 Bxe3 39. fxe3 Rc2+ 0-1

[Event "Prva liga centralne Srbije 2013"]
[Site "Kragujevac"]
[Date "2013.09.22"]
[Round "11.3"]
[White "Brajovic, Miroljub"]
[Black "Zivkovic, Nemanja"]
[Result "0-1"]
[WhiteElo "2135"]
[BlackElo "2274"]
[PlyCount "48"]
[EventDate "2013.09.14"]

1. e4 c5 2. c3 Nf6 3. e5 Nd5 4. d4 cxd4 5. cxd4 d6 6. Nf3 Nc6 7. Bc4 Nb6 8.
Bxf7+ Kxf7 9. Ng5+ Kg8 10. Qf3 Qe8 11. e6 g6 12. d5 Ne5 13. Qe4 Qa4 14. Qe2
Nxd5 15. O-O h6 16. f4 hxg5 17. fxe5 Qd4+ 18. Rf2 Qxe5 19. Qd3 Qxh2+ 20. Kf1
Qh1+ 21. Ke2 Qh5+ 22. Kd2 Bxe6 23. Qe4 Qg4 24. Qxg6+ Bg7 0-1

[Event "Prva liga centralne Srbije 2013"]
[Site "Kragujevac"]
[Date "2013.09.22"]
[Round "11.3"]
[White "Stankovic, Ivan G"]
[Black "Kijanovic, Igor"]
[Result "1/2-1/2"]
[WhiteElo "2238"]
[BlackElo "2004"]
[PlyCount "71"]
[EventDate "2013.09.14"]

1. e4 c5 2. c4 Nc6 3. Nc3 g6 4. g3 Bg7 5. Bg2 d6 6. Nge2 h5 7. h3 Nf6 8. d3 Bd7
9. Be3 a6 10. a4 Rb8 11. Qd2 Na5 12. Rb1 b5 13. axb5 axb5 14. b3 bxc4 15. bxc4
Rxb1+ 16. Nxb1 O-O 17. O-O Qc7 18. Nbc3 Rb8 19. Bg5 Bc6 20. Qa2 Nb3 21. Rb1 Nd4
22. Nxd4 Rxb1+ 23. Qxb1 cxd4 24. Nb5 Qb7 25. Qb4 Nh7 26. Bd2 Nf8 27. Qa5 f5 28.
f3 fxe4 29. fxe4 Ne6 30. Bf1 Be5 31. Be1 Ng5 32. Bg2 h4 33. gxh4 Ne6 34. Bf3
Nf4 35. Bg4 Kf7 36. Qd2 1/2-1/2